Biggest Cities In Canada Throughout History - Statistics

General Stats
  • This quiz has been taken 62 times
  • The average score is 42 of 50
Answer Stats
1870 Answer % Correct
21,545 Ottawa
100%
59,928 Ottawa
100%
774,072 Ottawa
100%
1,017,449 Ottawa
100%
56,092 Toronto
100%
208,040 Toronto
100%
675,754 Toronto
100%
2,481,494 Toronto
100%
2,745,000 Toronto
100%
107,225 Montreal
98%
267,730 Montreal
98%
1,021,520 Montreal
98%
1,039,534 Montreal
98%
1,762,949 Montreal
98%
26,133 Vancouver
98%
344,840 Vancouver
98%
545,671 Vancouver
98%
662,248 Vancouver
98%
159,631 Edmonton
96%
666,104 Edmonton
96%
1,010,899 Edmonton
96%
129,060 Calgary
93%
879,003 Calgary
93%
1,306,784 Calgary
93%
59,699 Quebec
93%
68,840 Quebec
93%
164,016 Quebec
93%
42,340 Winnipeg
91%
235,710 Winnipeg
91%
619,544 Winnipeg
91%
749,607 Winnipeg
91%
29,582 Halifax
87%
40,832 Halifax
87%
26,716 Hamilton
80%
52,634 Hamilton
80%
208,321 Hamilton
80%
490,268 Hamilton
80%
569,353 Hamilton
80%
120,040 Windsor
73%
28,805 Saint John
71%
40,711 Saint John
71%
15,826 London
64%
37,981 London
64%
612,000 Mississauga
64%
717,961 Mississauga
64%
656,480 Brampton
56%
12,407 Kingston
49%
347,825 Surrey
36%
202,045 Ottowa
13%
12,520 Portland
0%
No matching quizzes found
Score Distribution
Percent of People with Each Score
Percentile by Number Answered
Your Score History
You have not taken this quiz